| 000 | 01332nam a2200241 a 4500 | ||
|---|---|---|---|
| 001 | BRCA_9003 | ||
| 005 | 20190320210504.0 | ||
| 008 | 180717s1633----fr-#######---#000-0#lat-# | ||
| 041 | _alat | ||
| 044 | _afr | ||
| 084 |
_aCO6 _b.M46 1633 |
||
| 100 | 1 |
_aMendoza, Francisco de (S.I.) _d1572 - 1626 _922343 |
|
| 245 | 1 | 0 |
_aFrancisci de Mendoc?a Olysiponensis, e´ Societate Iesv doctoris theologi, in Eborensi academia quondam sacrarum literarum interpretis, Commentariorum in IV. libros regvm Tomus tertius, Indicibus necessariis illustratus _bNunc secundo prodit. |
| 260 |
_aLugduni _bsumptib. Iacobi Cardon _c1633 |
||
| 300 |
_a[31], 432 p. (t.3) _c35.5 x 24 cm |
||
| 500 | _aCum Privilegio Regú | ||
| 500 | _aCon marca de fuego: “Procedencia de la marca: Seminario Conciliar de México. Institución: Seminario Conciliar de México. Descripción: Monograma que se desglosa como ´Seminario´. Ubicación de la marca en el libro: Canto superior” | ||
| 500 | _aEstado físico: presenta encuadernación en pergamino con cantos decorados, presencia del pez de plata y carece de cintas | ||
| 630 | 0 | 4 |
_aBiblia _pAntiguo testamento _vComentarios _922344 |
| 856 | _ahttp://www.marcasdefuego.buap.mx:8180/xmLibris/projects/firebrand/item.jsp?repository=marcas_de_fuego&key=3fc5759b.xml&num=0 | ||
| 902 | _aCFM | ||
| 942 |
_2lcc _cB |
||
| 999 |
_c8654 _d8654 |
||